000 00545nam a22001817a 4500
005 20260506130559.0
008 260506b |||||||| |||| 00| 0 eng d
020 _a9781841132266
_qhbk
041 _aeng
082 _a342.42029 STE
100 _aStevens, Robert
245 _aThe English Judges:
_bTheir Role in the Changing Constitution
_c/Robert Stevens;
260 _aNorth America
_bHart Publishing
_c2002
300 _axiv, 169p. :
_c26cm.
504 _aBib and Ref
650 _aConstitutional & administrative law
942 _cENGLISH
999 _c622650
_d622650